000
00187 a2200097 4500
001
43357
100
_a
Shaw
245
_a
Candida
260
_a
London
_b
Longman
_c
090
_c
27194
_d
27194
942
_a
NUST-CAE
_c
M
_c
19107
999
_c
278430
_d
278430